The analysis of management decisions / (Registro nro. 6111)
[ vista simple ]
| 000 -LEADER | |
|---|---|
| fixed length control field | 00959nam a2200229Ia 4500 |
| 003 - CONTROL NUMBER IDENTIFIER | |
| control field | OSt |
| 005 - DATE AND TIME OF LATEST TRANSACTION | |
| control field | 20201027122722.0 |
| 008 - FIXED-LENGTH DATA ELEMENTS--GENERAL INFORMATION | |
| fixed length control field | 191128s1964 xxuad gr 000 0 spa d |
| 040 0# - CATALOGING SOURCE | |
| Original cataloging agency | eng |
| 082 24 - DEWEY DECIMAL CLASSIFICATION NUMBER | |
| Classification number | 658.403 / |
| Item number | M677a |
| Edition number | 23 |
| 100 1# - MAIN ENTRY--PERSONAL NAME | |
| Personal name | Morris, William T., |
| Relator term | autor |
| 9 (RLIN) | 12033 |
| 245 14 - TITLE STATEMENT | |
| Title | The analysis of management decisions / |
| Statement of responsibility, etc. | William T. Morris |
| 260 ## - PUBLICATION, DISTRIBUTION, ETC. | |
| Place of publication, distribution, etc. | Homewood : |
| Name of publisher, distributor, etc. | Richard D. Irwin |
| Date of publication, distribution, etc. | 1964. |
| 300 ## - PHYSICAL DESCRIPTION | |
| Extent | ix, 551 páginas : |
| Other physical details | gráficos a blanco y negro ; |
| Dimensions | 24 cm. |
| 500 ## - GENERAL NOTE | |
| General note | Incluye índice alfabético. |
| 504 ## - BIBLIOGRAPHY, ETC. NOTE | |
| Bibliography, etc. note | Bibliografía: páginas 540-547. |
| 505 0# - FORMATTED CONTENTS NOTE | |
| Formatted contents note | Staff assistance for management decisions -- Some basic managerial economics -- Decisions under assumed certainty -- Decision-process dynamics -- Data gathering -- Prediction and judgment -- Evaluating outcomes-multilpe goals |
| 650 24 - SUBJECT ADDED ENTRY--TOPICAL TERM | |
| Topical term or geographic name entry element | Industria |
| General subdivision | Manejo |
| 9 (RLIN) | 12034 |
| 650 24 - SUBJECT ADDED ENTRY--TOPICAL TERM | |
| Topical term or geographic name entry element | Decisiones estadísticas |
| 9 (RLIN) | 12035 |
| 650 24 - SUBJECT ADDED ENTRY--TOPICAL TERM | |
| Topical term or geographic name entry element | Decisiones económicas |
| 9 (RLIN) | 12036 |
| 942 ## - ADDED ENTRY ELEMENTS (KOHA) | |
| Source of classification or shelving scheme | Dewey Decimal Classification |
| Koha item type | Books |
| Withdrawn status | Lost status | Source of classification or shelving scheme | Materials specified (bound volume or other part) | Damaged status | Not for loan | Home library | Current library | Shelving location | Date acquired | Source of acquisition | Total Checkouts | Full call number | Barcode | Date last seen | Date last checked out | Copy number | Price effective from | Koha item type |
|---|---|---|---|---|---|---|---|---|---|---|---|---|---|---|---|---|---|---|
| Dewey Decimal Classification | Donación--15/04/2018-- | Biblioteca Pública José María del Castillo y Rada | Biblioteca Pública José María del Castillo y Rada | General Stacks | 11/28/2019 | Donación | 1 | 658.403 / M677a | 430012041 | 09/19/2024 | 09/18/2024 | Ej.1 | 11/28/2019 | Books |